Hola ¿puedo ayudar? / (Registro nro. 12994)

Detalles MARC
000 -LIDER
fixed length control field 00753nam a22002417a 4500
003 - IDENTIFICACDOR DE NÚMERO DE CONTROL
control field DO-SdBNP
005 - DATE AND TIME OF LATEST TRANSACTION
control field 20171205090318.0
008 - ELEMENTOS DE LONGITUD FIJA
fixed length control field 161031b 1994 sp a 00| 0 spa d
020 ## - ISBN
International Standard Book Number 8434844184
040 ## - FUENTE DE CATALOGACIÓN
Agencia que crea de manera original el registro BPMSU
Idioma de catalogación spa
Agencia que realiza la transcripción BPMSU
082 ## - NÚMERO DE CLASIFICACIÓN DECIMAL DE DEWEY
Classification number xxxx
Item number xxxx
100 1# - ASIENTO PRINCIPAL -- NOMBRE PERSONAL
Nombre personal Sierra i Fabra, Jordi
245 10 - MENCIÓN DE TITULO
Título Hola ¿puedo ayudar? /
Mención de responsabilidad Jordi Sierra i Fabra ; ilustraciones Federico Delicado
260 ## - PUBLICACIÓN, DISTRIBUCIÓN, ETC. (PIE DE IMPRENTA)
Lugar de publicación, distribución, etc Madrid :
Nombre del editor, distribuidor, etc. ediciones SM,
Fecha de publicación, distribución, etc 1994.
300 ## - DESCRIPCIÓN FÍSICA
Extensión 109 p. :
Otros detalles físicos il.
Dimensiones 21 cm.
490 0# - MENCIÓN DE SERIES
Mención de serie Los libros de Víctor y Cía.
Volume/sequential designation 5
700 1# - ASIENTO SECUNDARIO -- NOMBRE PERSONAL
Nombre personal Delicado, Federico
Mención de responsabilidad il.
830 #0 - ASIENTO SECUNDARIO DE SERIE--TÍTULO UNIFORME
Título uniforme Los libros de Víctor y Cía.
Número de la parte o sección de una obra 5
910 ## - VALIDACIÓN
Validación 000144
942 ## - ADDED ENTRY ELEMENTS (KOHA)
Source of classification or shelving scheme Dewey Decimal Classification
Koha item type Libros
945 ## - INFORMACIÓN DE PROCESAMIENTO LOCAL
Información de procesamiento local inventariado extranjero / DG
956 ## - LOCAL ELECTRONIC LOCATION AND ACCESS (OCLC)
Método de acceso YLOCKWARD
Materiales especificados 10
Campo enlazado y núm. de secuencia BPMSU
Nombre de host Yngrid Lockward
Existencias
Withdrawn status Lost status Source of classification or shelving scheme Damaged status Not for loan Collection code Home library Current library Date acquired Source of acquisition Total Checkouts Full call number Barcode Date last seen Price effective from Koha item type
    Dewey Decimal Classification     Colección Juvenil General Biblioteca Pública Metropolitana Salomé Ureña Biblioteca Pública Metropolitana Salomé Ureña 11/21/2017 Sin sellar   xxxx xxxx BPMSU17110309 11/21/2017 11/21/2017 Libros